000
00295nam a22001337a 4500
020
_a
978-0-439-77083-5
082
_a
030
_b
TER/I
100
_a
TERBAN, MARVIN
245
_a
DICTIONARY OF IDIOMS
260
_a
DELHI
_b
SCHOLASTIC
_c
2012
300
_a
298
650
_a
DICTIONARY
_z
INDIA
942
_c
BK
999
_c
2103
_d
2103